000 00820cam a22002174a 4500
001 14090779
005 20180212042033.0
008 050829s2007 ohu 001 0 eng
010 _a 2005933012
020 _a0324377215
040 _aDLC
_cDLC
_dDLC
041 _aeng
080 _a34 MIL
082 _a34 MIL
100 1 _a14
101 _aJUR
245 1 0 _aBusiness law today :
_cRoger LeRoy Miller, Gaylord A. Jentz.
906 _a7
_bcbc
_corignew
_d2
_eepcn
_f20
_gy-gencatlg
942 _2ddc
_cBK
999 _c42314
_d42314